000 00550nam a22001697a 4500
008 151119b xxu||||| |||| 00| 0 eng d
020 _a9780872894945
041 0 _aeng
080 _a321
100 1 _aJohnson, Janet Buttolph,
245 1 0 _aWorking with political science research methods :
_cJanet Buttolph Johnson, H.T. Reynolds.
260 _aWashington, D.C. :
_bCQ Press,
_cc2005.
300 _a171 f. :
_bme ill. ;
_c24 cm.
650 0 _aShkenca politike
_xMetodologji
700 1 _aReynolds, H. T.
942 _2udc
_cBK
999 _c1374
_d1374